University Home | Library Home | Institutional Repository

Gardenia subacaululis stapf and hutch : (Record no. 140515)

MARC details
000 -LEADER
fixed length control field 01094cam4a220024100 4500
001 - CONTROL NUMBER
control field tmp15382604
003 - CONTROL NUMBER IDENTIFIER
control field UPRA
005 - DATE AND TIME OF LATEST TRANSACTION
control field 20190823084609.0
008 - FIXED-LENGTH DATA ELEMENTS--GENERAL INFORMATION
fixed length control field 950801s1979 pl eng u
035 ## - SYSTEM CONTROL NUMBER
System control number (Sirsi) r54854
035 ## - SYSTEM CONTROL NUMBER
System control number (UPRA)tmp15382604
040 ## - CATALOGING SOURCE
Transcribing agency UPRA
100 2# - MAIN ENTRY--PERSONAL NAME
Personal name Medwecka-Kornas, Anna.
Linkage A13689.1
245 10 - TITLE STATEMENT
Title Gardenia subacaululis stapf and hutch :
Remainder of title a pyrophytic saffrutex of the African Savanna.
260 ## - PUBLICATION, DISTRIBUTION, ETC.
Place of publication, distribution, etc. Krakow, Poland :
Name of publisher, distributor, etc. Jagellonian University, Institute of Botany,
Date of publication, distribution, etc. 1979.
500 ## - GENERAL NOTE
General note Reprint from Botanica Academiae Scientlarum Hungaricae, Tomus 26 (1-2) pp. 131-137 (1980).
504 ## - BIBLIOGRAPHY, ETC. NOTE
Bibliography, etc. note Includes bibliographical references.
650 #0 - SUBJECT ADDED ENTRY--TOPICAL TERM
Topical term or geographic name entry element Gardenia -- Zambia -- Lusaka.
Geographic subdivision Gardenia -- Zambia -- Lusaka.
-- Gardenia -- Zambia -- Lusaka.
Linkage S9313.1
650 #0 - SUBJECT ADDED ENTRY--TOPICAL TERM
Topical term or geographic name entry element Rubiaceas -- Zambia -- Lusaka.
Geographic subdivision Rubiaceas -- Zambia -- Lusaka.
-- Rubiaceas -- Zambia -- Lusaka.
Linkage S9314.1
650 #0 - SUBJECT ADDED ENTRY--TOPICAL TERM
Topical term or geographic name entry element Woodruff -- Zambia -- Lusaka.
Geographic subdivision Woodruff -- Zambia -- Lusaka.
-- Woodruff -- Zambia -- Lusaka.
Linkage S9315.1
949 ## - LOCAL PROCESSING INFORMATION (OCLC)
a QK495
w lcc
i -70828
m MAIN
t BOOK
l ON-SHELF

No items available.

© 2026 - The University of Zambia Library - Koha v25.11